00596 2200229 4500001002100000005001700021008004100038035002400079090001500103100001900118245006400137250001000201260003100211300002500242650002200267700001300289850001500302980001300317985000600330999001500336999001500351YOGYA-0209000004767120090227031625.0 ind  0010-020900000047671 a813bTar K aTARANTO, Tatas aKabut senja di RotambacTatas Taranto; ilustrator, M. Yusuf aCet.1 aSolobTiga Serangkaic1983 a144 hlmbilusc20 cm aFiksi - Indonesia aYusuf, M aYOPDYOG(M) a31-08-07 a2 a98P0111450 a98P0111451